MARC details
| 000 -LEADER |
| campo de control de longitud fija |
02863nka a2200421 i 4500 |
| 001 - NÚMERO DE CONTROL |
| campo de control |
102978 |
| 003 - IDENTIFICADOR DE NÚMERO DE CONTROL |
| campo de control |
ES-MaACL |
| 005 - FECHA Y HORA DE LA ÚLTIMA TRANSACCIÓN |
| campo de control |
20250821074510.0 |
| 007 - CAMPO FIJO DE DESCRIPCIÓN FÍSICA--INFORMACIÓN GENERAL |
| campo de control de longitud fija |
t| |
| 008 - DATOS DE LONGITUD FIJA--INFORMACIÓN GENERAL |
| campo de control de longitud fija |
051222e1797 sp f | |r||1c|spa |
| 100 1# - ENTRADA PRINCIPAL--NOMBRE DE PERSONA |
| Nombre de persona |
Selma, Fernando, |
| Fechas asociadas al nombre |
1752-1810 |
| Término indicativo de función/relación |
Grabador |
| 9 (RLIN) |
157690 |
| 245 10 - MENCIÓN DEL TÍTULO |
| Título |
Retratos de Antonio Wandik y el Mariscal Conde de Turena |
| Medio |
[Material gráfico] / |
| Mención de responsabilidad, etc. |
Antonio Wandik lo pintó ; Leon Bueno lo dibuxó ; Fernando Selma lo grabó |
| 246 1# - FORMA VARIANTE DEL TITULO |
| Título propio/Titulo breve |
Antoon van Dyck y Sir Endymion Porter |
| 260 ## - PUBLICACIÓN, DISTRIBUCIÓN, ETC. |
| Lugar de publicación, distribución, etc. |
[En Madrid] : |
| Nombre del editor, distribuidor, etc. |
Se halla en la Calcografía de la Ymprenta Real, |
| Fecha de publicación, distribución, etc. |
[1797] |
| 300 ## - DESCRIPCIÓN FÍSICA |
| Extensión |
1 estampa : |
| Otras características físicas |
grabado calcográfico ; |
| Dimensiones |
386 x 407 mm |
| 490 1# - MENCIÓN DE SERIE |
| Mención de serie |
Colección facticia de grabados ; |
| Designación de volumen o secuencia |
31 |
| RLIN |
184692 |
| 500 ## - NOTA GENERAL |
| Nota general |
Inscripción: "Retratos de Antonio Wandik y el Mariscal Conde de Turena: cuyo original se halla en el Real Palacio de Madrid. Tiene de alto tres pies de rey y siete pulgadas, y de ancho cuatro y tres" |
| 500 ## - NOTA GENERAL |
| Nota general |
El personaje que figura con el nombre del Conde de Turena se recoge en diversos catálogos bajo los nombres de Sir Endimion Porter y de Conde Bristol |
| 520 ## - RESUMEN, ETC. |
| Sumario, etc. |
La estampa reproduce el lienzo custodiado en la actualidad en el Museo del Prado, pintado por A. van Dyck hacia 1635: "Sir Endymion Porter y Anton van Dyck", autorretrato en el que se representa junto a su protector y amigo Endymion Porter, quien fue secretario del duque de Buckingham y diplomático de la corte de Carlos I de Inglaterra. La roca sobre la ambos personajes apoyan una mano es un símbolo de la solidez de su amistad, idea a la que contribuye también el formato ovalado del cuadro, que ayuda a crear una sensación de proximidad entre ambos |
| 530 ## - NOTA DISPONIBLE DE FORMULARIO FÍSICO ADICIONAL |
| Nota de formato físico adicional disponible |
Disponible en formato digital |
| 594 ## - Nota al título y mención de responsabilidad |
| Nota al título y mención de responsabilidad |
Atribución errónea del retratado, según la inscripción; se trata de Sir Endymion Porter, no del Conde de Turena, junto a Antoon van Dyck |
| 600 14 - PUNTO DE ACCESO ADICIONAL DE MATERIA--NOMBRE DE PERSONA |
| Nombre de persona |
Dyck, Antoon van, |
| Fechas asociadas al nombre |
1599-1641 |
| 9 (RLIN) |
46405 |
| 600 14 - PUNTO DE ACCESO ADICIONAL DE MATERIA--NOMBRE DE PERSONA |
| Nombre de persona |
Porter, Endymion, |
| Fechas asociadas al nombre |
1587-1649 |
| 9 (RLIN) |
241823 |
| 600 14 - PUNTO DE ACCESO ADICIONAL DE MATERIA--NOMBRE DE PERSONA |
| Nombre de persona |
Turenne, Henri de La Tour d'Auvergne, |
| Títulos y otros términos asociados al nombre |
Vizconde de, |
| Fechas asociadas al nombre |
1611-1675 |
| 9 (RLIN) |
70554 |
| 655 #4 - TERMINO DE INDIZACIÓN--GENERO/FORMA |
| Datos o término principal de género/forma |
Grabados calcográficos |
| 9 (RLIN) |
241761 |
| 655 #7 - TERMINO DE INDIZACIÓN--GENERO/FORMA |
| Datos o término principal de género/forma |
Grabados |
| Fuente del término |
tgfbne |
| 9 (RLIN) |
226846 |
| 655 #4 - TERMINO DE INDIZACIÓN--GENERO/FORMA |
| Datos o término principal de género/forma |
Reproducciones de obras de arte |
| 9 (RLIN) |
241931 |
| 700 1# - ENTRADA AGREGADA--NOMBRE PERSONAL |
| Nombre de persona |
Dyck, Antoon van, |
| Fechas asociadas al nombre |
1599-1641 |
| Término indicativo de función/relación |
Artista |
| 9 (RLIN) |
46405 |
| 700 1# - ENTRADA AGREGADA--NOMBRE PERSONAL |
| Nombre de persona |
Bueno, León, |
| Fechas asociadas al nombre |
s. XVIII |
| Término indicativo de función/relación |
Dibujante |
| 9 (RLIN) |
32380 |
| 710 2# - ENTRADA AGREGADA--NOMBRE DE ENTIDAD CORPORATIVA |
| Nombre de entidad corporativa o nombre de jurisdicción como elemento de entrada |
Calcografía de la Imprenta Real |
| Término indicativo de función/relación |
Editor |
| 9 (RLIN) |
241806 |
| 830 #0 - PUNTO DE ACCESO ADICIONAL DE SERIE-TÍTULO UNIFORME |
| Título uniforme |
Colección facticia de grabados ; |
| Designación de volumen o secuencia |
31 |
| 9 (RLIN) |
184692 |
| 852 4# - LOCALIZACIÓN |
| Ubicación |
ES-MaACL |
| Ubicación en estantería |
Depósito 2 |
| Número de control de estantería |
GF-2(31) |
| 856 4# - LOCALIZACIÓN Y ACCESO ELECTRÓNICOS |
| Identificador Uniforme de Recursos |
<a href="https://bdh-rd.bne.es/viewer.vm?id=0000151827&page=1">https://bdh-rd.bne.es/viewer.vm?id=0000151827&page=1</a> |
| Texto de enlace |
Versión en línea |
| Nota pública |
(Biblioteca Digital Hispánica) |
| 856 4# - LOCALIZACIÓN Y ACCESO ELECTRÓNICOS |
| Identificador Uniforme de Recursos |
<a href="https://www.academiacolecciones.com/estampas/inventario.php?id=GR-1485">https://www.academiacolecciones.com/estampas/inventario.php?id=GR-1485</a> |
| Texto de enlace |
Versión en línea |
| Nota pública |
(Real Academia de Bellas Artes de San Fernando) |
| 942 ## - ELEMENTOS DE ENTRADA SECUNDARIOS (KOHA) |
| Fuente del sistema de clasificación o colocación |
Clasificación decimal universal |
| Tipo de ítem Koha |
Grabado |
| Suprimir en OPAC |
No |